Towards the creative teaching of English /

Bibliographic Details
Other Authors: Melville, Maggie, Spaventa, Louis J.
Format: Book
Language:English
Published: London ; Boston : Allen & Unwin, 1980.
Series:Pilgrims English language courses.
Subjects:

MARC

Tag First Indicator Second Indicator Subfields
LEADER 00000cam a2200000 a 4500
001 in00000072665
005 20151008054600.0
008 811104s1980 enka 00000 eng d
010 |a  80040405  
020 |a 0043710743 
035 |a (OCoLC)07905709 
035 |9 AAJ1085AM 
040 |a BGU  |c BGU  |d TXA  |d UtOrBLW 
049 |a TXAM  |c [1803984] 
090 |a PE1128.A2  |b T68 
245 0 0 |a Towards the creative teaching of English /  |c Maggie Melville ... [and others] ; edited by Lou Spaventa. 
264 1 |a London ;  |a Boston :  |b Allen & Unwin,  |c 1980. 
300 |a 94 pages :  |b illustrations ;  |c 25 cm. 
336 |a text  |b txt  |2 rdacontent 
337 |a unmediated  |b n  |2 rdamedia 
338 |a volume  |b nc  |2 rdacarrier 
490 1 |a Pilgrims English language courses 
650 0 |a English language  |x Study and teaching  |x Foreign speakers. 
700 1 |a Melville, Maggie. 
700 1 |a Spaventa, Louis J. 
830 0 |a Pilgrims English language courses. 
999 |a MARS 
999 f f |s 7c586766-69cc-33fb-95d5-315ecb85195d  |i 1135a0cb-1e8d-3d3d-ad30-0dc2a7327de1  |t 0 
952 f f |p ric  |a Texas A&M University  |b Rellis Campus  |c Joint Library Facility  |s JLF  |d Remote Storage  |t 0  |e PE1128.A2 T68  |h Library of Congress classification  |i unmediated -- volume  |m A14806174650 
998 f f |a PE1128.A2 T68  |t 0  |l Remote Storage